Statistics for Togo Country Quiz

Click here to take the quiz!

General Stats

  • This quiz has been taken 8,493 times
    (8,467 since last reset)
  • The average score is 13 of 17

Answer Stats

HintAnswer% Correct
Country that took control of Togo after the aboveFrance
96%
Countries that border TogoBenin
95%
Official languageFrench
94%
Countries that border TogoGhana
93%
Countries that border TogoBurkina Faso
91%
Historical area that includes Togo's coastline,
named for a cruel trade
{Slave} Coast
89%
Put on your thinking cap... name the largest lake in TogoLake Togo
89%
Country that colonized Togo between 1884–1916Germany
86%
Togo borders this gulfGulf of Guinea
85%
Bean that accounts for more than 20% of Togo's exportsCocoa
79%
Foreign capital 172 kilometres due west of Togo's capitalAccra
71%
Capital cityLomé
68%
Colonial name of TogoTogo{land}
55%
Togo is the fifth largest producer of this African food crop in the worldYam
48%
Longest river hint: prefix that means one, only or singleMono River
44%
Togo has the fourth largest reserves of phosphates in the world,
which are typically used to produce ...
Fertilizer
39%
Among the African countries, Togo has the highest percentage of population
who follow this type "ism" religion
{Anim}ism
32%

Score Distribution

Percentile by Number Answered

Percent of People with Each Score

Your Score History

You have not taken this quiz since the last reset